Computer graphics (Record no. 132460)

000 -LEADER
fixed length control field 00359nam a2200121Ia 4500
008 - FIXED-LENGTH DATA ELEMENTS--GENERAL INFORMATION
fixed length control field 220120s9999||||xx |||||||||||||| ||und||
020 ## - INTERNATIONAL STANDARD BOOK NUMBER
International Standard Book Number 9788131732342
100 ## - MAIN ENTRY--PERSONAL NAME
Personal name Foley, James, B Dam Van, Andries. Etal
9 (RLIN) 1234
245 #0 - TITLE STATEMENT
Title Computer graphics
260 ## - PUBLICATION, DISTRIBUTION, ETC.
Place of publication, distribution, etc. Pearson education asia
Name of publisher, distributor, etc. Noida
Date of publication, distribution, etc. 2006
300 ## - PHYSICAL DESCRIPTION
Extent 709
Other physical details 415
650 ## - SUBJECT ADDED ENTRY--TOPICAL TERM
Topical term or geographic name entry element ELECTRONICS AND COMMUNICATIONS
Holdings
Withdrawn status Lost status Damaged status Not for loan Collection code Home library Current library Date acquired Barcode Date last seen Price effective from Koha item type
        Computer Science and Engineering Central Library Central Library 01/20/2022 ST116 01/20/2022 01/20/2022 Scheduled Tribe Book Bank

Powered by Koha